<?xml version="1.0" encoding="UTF-8"?><?xml-stylesheet type="text/xsl" href="static/style.xsl"?><OAI-PMH xmlns="http://www.openarchives.org/OAI/2.0/" xmlns:xsi="http://www.w3.org/2001/XMLSchema-instance" xsi:schemaLocation="http://www.openarchives.org/OAI/2.0/ http://www.openarchives.org/OAI/2.0/OAI-PMH.xsd"><responseDate>2026-04-13T08:34:28Z</responseDate><request verb="GetRecord" identifier="oai:www.recercat.cat:2445/127841" metadataPrefix="marc">https://recercat.cat/oai/request</request><GetRecord><record><header><identifier>oai:recercat.cat:2445/127841</identifier><datestamp>2025-12-05T10:41:09Z</datestamp><setSpec>com_2072_1057</setSpec><setSpec>col_2072_478811</setSpec><setSpec>col_2072_478917</setSpec></header><metadata><record xmlns="http://www.loc.gov/MARC21/slim" xmlns:dcterms="http://purl.org/dc/terms/" xmlns:xsi="http://www.w3.org/2001/XMLSchema-instance" xmlns:doc="http://www.lyncode.com/xoai" xsi:schemaLocation="http://www.loc.gov/MARC21/slim http://www.loc.gov/standards/marcxml/schema/MARC21slim.xsd">
   <leader>00925njm 22002777a 4500</leader>
   <datafield ind2=" " ind1=" " tag="042">
      <subfield code="a">dc</subfield>
   </datafield>
   <datafield ind2=" " ind1=" " tag="720">
      <subfield code="a">Torre García, Eva Maria de la</subfield>
      <subfield code="e">author</subfield>
   </datafield>
   <datafield ind2=" " ind1=" " tag="720">
      <subfield code="a">Casani, Fernando</subfield>
      <subfield code="e">author</subfield>
   </datafield>
   <datafield ind2=" " ind1=" " tag="720">
      <subfield code="a">Sagarra Garcia, Martí</subfield>
      <subfield code="e">author</subfield>
   </datafield>
   <datafield ind2=" " ind1=" " tag="260">
      <subfield code="c">2019-02-04T11:58:10Z</subfield>
   </datafield>
   <datafield ind2=" " ind1=" " tag="260">
      <subfield code="c">2020-10-31T06:10:20Z</subfield>
   </datafield>
   <datafield ind2=" " ind1=" " tag="260">
      <subfield code="c">2018-10</subfield>
   </datafield>
   <datafield ind2=" " ind1=" " tag="260">
      <subfield code="c">2019-02-04T11:58:10Z</subfield>
   </datafield>
   <datafield ind2=" " ind1=" " tag="520">
      <subfield code="a">Universities are organizational structures with individual activity mixes or strategies that lead to different performance levels by mission. Evaluation techniques based on performance indicators or rankings risk rewarding just a specific type of university and undermining university diversification: they usually introduce homogenizing pressures and risk displacing university objectives¿neglecting their socio-economic contribution and focusing on succeeding on the evaluation system. In this study, we propose an alternative evaluation method that overcomes these limitations. We produce a multidimensional descriptive classification of universities into typologies, while analysing the relation between their institutional factors (characteristics) and their (technical) efficiency performance from a descriptive perspective. To do so we apply bootstrap data envelopment analysis (DEA) and multidimensional scaling analysis (MDS), performing a so-called DEA-MDS analysis on data n the Spanish university system, and unlike previous studies, we include data on an important dimension of the third mission of universities (specifically knowledge transfer, KT) in their characterization. We identify six types of (homogeneous) universities. Results indicate that to be fairly efficient, universities may focus on teaching, KT, or overall efficiency but always have to fairly perform in research. Additionally, results confirm the relevance of the third mission as a source of institutional diversity in higher education. This approach could be used to address an alternative evaluation methodology for higher education institutions with formative purposes, evaluating universities according to their unique characteristics for the improvement of HE systems.</subfield>
   </datafield>
   <datafield tag="653" ind2=" " ind1=" ">
      <subfield code="a">Avaluació educativa</subfield>
   </datafield>
   <datafield tag="653" ind2=" " ind1=" ">
      <subfield code="a">Universitats</subfield>
   </datafield>
   <datafield tag="653" ind2=" " ind1=" ">
      <subfield code="a">Política educativa</subfield>
   </datafield>
   <datafield tag="653" ind2=" " ind1=" ">
      <subfield code="a">Processament de dades</subfield>
   </datafield>
   <datafield tag="653" ind2=" " ind1=" ">
      <subfield code="a">Educational evaluation</subfield>
   </datafield>
   <datafield tag="653" ind2=" " ind1=" ">
      <subfield code="a">Universities</subfield>
   </datafield>
   <datafield tag="653" ind2=" " ind1=" ">
      <subfield code="a">Educational policy</subfield>
   </datafield>
   <datafield tag="653" ind2=" " ind1=" ">
      <subfield code="a">Data processing</subfield>
   </datafield>
   <datafield ind2="0" ind1="0" tag="245">
      <subfield code="a">Defining typologies of universities through a DEA-MDS analysis: An institutional characterization for formative evaluation purposes</subfield>
   </datafield>
</record></metadata></record></GetRecord></OAI-PMH>